An outline of the late Egyptian verbal system /

محفوظ في:

المؤلف الرئيسي: Frandsen, Paul John.

التنسيق: كتاب

اللغة: Danish

منشور في: Copenhagen : Akademisk Forlag, 1974.

الموضوعات:

الوسوم: إضافة وسم

لا توجد وسوم, كن أول من يضع وسما على هذه التسجيلة!

رقم الطلب: PJ1181 .F7 1974

LEADER 00680cam a2200241M 4500
001 ocn464589190
003 OCoLC
005 20240219200657.0
008 120419s1974 dk 000 0 dan d
020 |a 8750014951 
020 |a 9788750014959 
050 4 |a PJ1181  |b .F7 1974 
100 1 |a Frandsen, Paul John. 
245 1 0 |a An outline of the late Egyptian verbal system /  |c Paul John Frandsen. 
264 1 |a Copenhagen :  |b Akademisk Forlag,  |c 1974. 
300 |a 329 pages ;  |c 24 cm 
336 |a text  |b txt  |2 rdacontent 
337 |a unmediated  |b n  |2 rdamedia 
338 |a volume  |b nc  |2 rdacarrier 
650 0 |a Semitisk. 
650 0 |a Egyptisk. 
650 0 |a Morphologi.. 
999 |c 56848  |d 56848